00410cam a2200157ua 450000100060000000800390000602000180004504000090006308200100007210000310008224500610011325000120017426000380018630000100022465300180023412145200224n ii |||gr||||Z||||||eng a9789386302113 cMAIN a305.8 aSultana Hazarika,eAuthor. aWetlands of upper brahmaputra vallycBy Sultana Hazarika a1st ed. aGuwahati:bEbh publishers,c2017. a188p. aSocial groups